Театр в деревне. Вып.1: Руководящие указания по организации театра (Запись № 13488926)

Подробности
000 -МАРКЕР
контрольное поле 01347nam2a22002771 4500
001 - ИДЕНТИФИКАТОР ЗАПИСИ
контрольное поле RU\NLR\A1SV\120111
005 - ИДЕНТИФИКАТОР ВЕРСИИ
контрольное поле 20260311153723.0
035 ## - ДРУГИЕ СИСТЕМНЫЕ НОМЕРА
Идентификатор записи (NLR Aleph) 010440790
100 ## - ДАННЫЕ ОБЩЕЙ ОБРАБОТКИ
Данные общей обработки 20130712d1919 u y0rusy50 ca
101 0# - ЯЗЫК РЕСУРСА
Язык текста, звукозаписи и т.д. русский
200 1# - ЗАГЛАВИЕ И СВЕДЕНИЯ ОБ ОТВЕТСТВЕННОСТИ
Основное заглавие Руководящие указания по организации театра
Первые сведения об ответственности Сотрудники: К.Н.Вертышев, Т.В.Леонтьев, Н.В.Петров, Е.Н.Сергиев
215 ## - ФИЗИЧЕСКАЯ ХАРАКТЕРИСТИКА
Специфическое обозначение материала и объем 56, [1] с.
320 ## - ПРИМЕЧАНИЯ О НАЛИЧИИ В ДОКУМЕНТЕ БИБЛИОГРАФИИ / УКАЗАТЕЛЯ
Текст примечания Библиогр.: С.47-56
461 #1 - УРОВЕНЬ НАБОРА
Встроенное поле 001RU\NLR\A1SV\120110
-- 2000#$vВып.1
Системный номер (АБИС) связанной записи 9889663
Место публикации Петрозаводск
Дата публикации 1919-1920
Имя издателя, распространителя и т.д. Отд. нар. образов. при Олон. губ. исп. к-те Сов. к., р. и к. д.
Заглавие Театр в деревне
Номер тома Вып.1
702 #1 - ИМЯ ЛИЦА - ВТОРИЧНАЯ ОТВЕТСТВЕННОСТЬ
Начальный элемент ввода Вертышев
Часть имени, кроме начального элемента ввода К.Н.
Даты 1881-1942
Расширение инициалов личного имени Константин Николаевич
702 #1 - ИМЯ ЛИЦА - ВТОРИЧНАЯ ОТВЕТСТВЕННОСТЬ
Начальный элемент ввода Леонтьев
Часть имени, кроме начального элемента ввода Т.В.
Даты 1880-1964
Расширение инициалов личного имени Тимофей Васильевич
702 #1 - ИМЯ ЛИЦА - ВТОРИЧНАЯ ОТВЕТСТВЕННОСТЬ
Начальный элемент ввода Сергиев
Часть имени, кроме начального элемента ввода Е.Н.
702 #1 - ИМЯ ЛИЦА - ВТОРИЧНАЯ ОТВЕТСТВЕННОСТЬ
Графика поля Кириллица
Материалы, к которым относится поле rus
Начальный элемент ввода Петров
Часть имени, кроме начального элемента ввода Н. В.
Дополнения к именам, кроме дат д-р искусствоведения, режиссер
Даты 1890-1964
Расширение инициалов личного имени Николай Васильевич
Системный номер авторитетной/нормативной записи 200490
Идентификатор авторитетной/нормативной записи RU\NLR\AUTH\770200541
801 #0 - ИСТОЧНИК ЗАПИСИ
Страна Российская Федерация
Организация NLR
Дата составления 20130712
852 ## - МЕСТОНАХОЖДЕНИЕ И ШИФР ХРАНЕНИЯ
Идентификатор организации NLR
Шифр хранения (Call Number) 58-2/472
852 ## - МЕСТОНАХОЖДЕНИЕ И ШИФР ХРАНЕНИЯ
Идентификатор организации NLR
Шифр хранения (Call Number) Мф К1/4644
942 ## - ДОПОЛНИТЕЛЬНЫЕ ЭЛЕМЕНТЫ ЗАПИСИ (АБИС)
Тип экземпляра АБИС Книга
980 ## - КОЛЛЕКЦИЯ
Название коллекции Международный сводный каталог русской книги (1918-1926)
980 ## - КОЛЛЕКЦИЯ
Название коллекции Национальная библиография

Нет доступных экземпляров.